[Event "NOR-ch lilleputt"]
[Site "Fredrikstad"]
[Date "2003.07.08"]
[Round "5"]
[White "Carding, Nicholas"]
[Black "Brathen, Torkil Moe"]
[Result "1/2-1/2"]
[WhiteElo "887"]
[BlackElo "1152"]
[PlyCount "53"]
[EventDate "2003.07.??"]
[EventType "swiss"]
[EventRounds "9"]
[EventCountry "NOR"]
[SourceTitle "CBM 095 Extra"]
[Source "ChessBase"]
[SourceDate "2003.09.04"]
[SourceVersion "1"]
[SourceVersionDate "2003.09.04"]
[SourceQuality "1"]

1. e4 e5 2. Nf3 Nc6 3. Bc4 Bc5 4. d3 d6 5. h3 Be6 6. Bxe6 fxe6 7. Bg5 Nge7 8. Nc3 h6 9. Bh4 g5 10. Bg3 Ng6 11. a3 Nf4 12. Bxf4 gxf4 13. Qd2 Rg8 14. Rg1 Nd4 15. Nxd4 Bxd4 16. 0-0-0 Qf6 17. Nb5 Bb6 18. Rdf1 a6 19. Nc3 0-0-0 20. Qe2 Qg5 21. Kb1 h5 22. Qf3 h4 23. Kc1 Qh6 24. Ne2 Rg6 25. Rh1 Rdg8 26. Rh2 Qg7 27. Rg1 1/2-1/2